000 00479nam a2200169Ia 4500
008 090711s9999 xx 000 0 und d
082 _b55576
100 _aअवSाट अनिल
245 _aधागे आडवे उभे
260 _c1986
300 _a156
600 _aअवSाट अनिल
630 _aधागे आडवे उभे
700 _aअवSाट अनिल
730 _aधागे आडवे उभे
942 _cBOOK
999 _c288315
_d288315